Brown over black: (Record no. 179526)

MARC details
000 -LEADER
fixed length control field 00673nam a22002057a 4500
005 - DATE AND TIME OF LATEST TRANSACTION
control field 20210617161231.0
010 ## - LCCN (DPL NO)
LC control number B-740248
020 ## - INTERNATIONAL STANDARD BOOK NUMBER
International Standard Book Number 9788188789795
Terms of availability 300.00
035 ## - SYSTEM CONTROL NUMBER
System control number B-740248
037 ## - SOURCE OF ACQUISITION
Source of stock number/acquisition Gift
082 ## - DEWEY DECIMAL CLASSIFICATION NUMBER
Classification number 305.897
100 ## - MAIN ENTRY--PERSONAL NAME
Personal name Burton, Antoinette
245 ## - TITLE STATEMENT
Title Brown over black:
Remainder of title race and the politics of postcolonial citation /
Statement of responsibility, etc by Antoinette Burton
260 ## - PUBLICATION, DISTRIBUTION, ETC. (IMPRINT)
Place of publication, distribution, etc Gurgaon
Name of publisher, distributor, etc Three Essays Collective
Date of publication, distribution, etc 2012
270 ## - ADDRESS
Address B-957, Palam Vihar
City Gurgaon
Postal code 122017
300 ## - PHYSICAL DESCRIPTION
Extent ix, 171p.
Dimensions 21cm(pbk)
500 ## - GENERAL NOTE
General note include index
942 ## - ADDED ENTRY ELEMENTS (KOHA)
Source of classification or shelving scheme Dewey Decimal Classification
Item type English Books
Classification part 305.897
Call number suffix BUR
Holdings
Withdrawn status Lost status Not for loan Collection code Home library Current library Date acquired Source of acquisition Cost, normal purchase price Full call number Barcode Copy number Cost, replacement price Koha item type Public note
      Non-fiction Kadipur Kadipur 17/06/2021 Gift/Eng/02-06-2021 300.00 305.897 BUR B-740248 1 300.00 English Books Gift

© Delhi Public Library
Hit Counter
free hit counter